| 000 | 00603nam a22001937a 4500 | ||
|---|---|---|---|
| 999 |
_c15197 _d15197 |
||
| 003 | OSt | ||
| 082 | _2631.75807 KAV/RE | ||
| 088 | _aP 150 | ||
| 100 |
_aKAVITHA M. N _92740 |
||
| 245 | _aRecharge and discharge studies in laterite soils | ||
| 260 |
_aTavanur 2005 _bKelappaji College of Agricultural Engineering and Technology |
||
| 300 | _a72 | ||
| 500 | _aRecharge and discharge studies in laterite soils | ||
| 520 | _aRecharge and discharge studies in laterite soils | ||
| 700 |
_aSanfred Joseph Luiz _92741 |
||
| 700 |
_aSini K _92742 |
||
| 700 |
_aEr. K. K Sathian (Guide) _92499 |
||
| 942 | _cPR | ||